Maantiedettä kirjaimittain - Y - Statistics

Yleistilastot
  • Tätä visaa on pelattu 1 192 kertaa
  • Keskiarvotulos 6 / 14
Vastaustilastot
Vihje Vastaus % Oikein
50 osavaltiosta koostuva valtio Yhdysvallat
99%
Muun muassa Englannista ja Skotlannista koostuva valtio Yhdistynyt kuningaskunta
88%
Yhdysvaltain ensimmäinen kansallispuisto, joka sijaitsee supertulivuoren päällä ja tunnetaan geysireistään Yellowstone
72%
Yksi Persianlahden valtioista Yhdistyneet arabiemiraatit
65%
Pohjois-Englannissa sijaitseva kaupunki, jonka mukaan yksi maailman tunnetuimmista kaupungeista on nimetty York
61%
Maailman pinta-alaltaan suurin makeanveden järvi Yläjärvi
58%
Skotlannin pohjoisosiin viittaava käsite Ylämaa
49%
Kanadan luoteisosissa sijaitseva territorio ja joki Yukon
42%
Indonesialaisen amiraalin mukaan nimetty saari Uuden-Guinean vieressä {Yos} Sudarso
32%
Tunnettu kansallispuisto Kaliforniassa Yosemite
31%
Aiemmin nimellä Rangoon tunnettu kaupunki Yangon
21%
Katowice on tämän pääosin Puolassa sijaitsevan alueen suurin kaupunki Ylä-Sleesia
15%
Maakunta Kiinan eteläosissa Yunnan
10%
Japanilaisten muodostama etninen ryhmä, johon noin 98,5 % Japanin väestöstä kuuluu Yamato
5%
Ehtoja vastaavia visoja ei löytynyt
Tulosjakauma
Jokaisen tuloksen saaneiden osuus
Persentiili vastausten määrän mukaan
Tuloshistoriasi
Et ole pelannut tätä visaa